[Event "3. ACP World Rapid Chess Cup"]
[Site "Odessa UKR"]
[Date "2009.05.23"]
[Round "2.2"]
[White "Movsesian, Sergei"]
[Black "Svidler, Peter"]
[Result "1/2-1/2"]
[WhiteElo "2747"]
[BlackElo "2726"]
[PlyCount "93"]
[EventDate "2009.05.22"]
[EventType "k.o. (rapid)"]
[EventRounds "4"]
[EventCountry "UKR"]
[EventCategory "18"]
[Source "lmi"]
[SourceDate "2009.05.22"]

1. e4 c6 2. d4 d5 3. Nc3 g6 4. h3 Bg7 5. Nf3 dxe4 6. Nxe4 Nd7 7. Bc4 Ngf6 8.
Nxf6+ Nxf6 9. O-O O-O 10. Re1 Qc7 11. c3 c5 12. dxc5 Qxc5 13. Qb3 b6 14. Be3
Qc7 15. Bd4 e6 16. Be5 Qb7 17. Qd1 Qc6 18. Qd4 Bb7 19. Bxf6 Bxf6 20. Qxf6 Qxc4
21. Ne5 Qd5 22. f3 Qd8 23. Qf4 f6 24. Ng4 e5 25. Qb4 Qc7 26. Rad1 Rad8 27. Rxd8
Qxd8 28. Qb3+ Kg7 29. Rd1 Qe7 30. Qa4 Bc8 31. Nf2 Be6 32. Ne4 f5 33. Nf2 a5 34.
Qb5 Qc5 35. Qxc5 bxc5 36. a3 Rb8 37. Rd6 Bc4 38. Rc6 Rxb2 39. Rxc5 Rb1+ 40. Kh2
Rf1 41. Rxc4 Rxf2 42. Ra4 Kf6 43. Rxa5 Rc2 44. h4 h5 45. Ra6+ Kf7 46. Ra7+ Kf6
47. Ra6+ 1/2-1/2

[Event "3. ACP World Rapid Chess Cup"]
[Site "Odessa UKR"]
[Date "2009.05.23"]
[Round "2.4"]
[White "Movsesian, Sergei"]
[Black "Svidler, Peter"]
[Result "0-1"]
[WhiteElo "2747"]
[BlackElo "2726"]
[PlyCount "116"]
[EventDate "2009.05.22"]
[EventType "k.o. (rapid)"]
[EventRounds "4"]
[EventCountry "UKR"]
[EventCategory "18"]
[Source "lmi"]
[SourceDate "2009.05.22"]

1. e4 Nf6 2. e5 Nd5 3. d4 d6 4. Nf3 dxe5 5. Nxe5 c6 6. Bc4 g6 7. O-O Bg7 8. Nd2
O-O 9. Ndf3 Nd7 10. h3 Nxe5 11. Nxe5 Be6 12. Bb3 Nc7 13. Re1 Bxb3 14. axb3 c5
15. Be3 Nb5 16. c3 cxd4 17. cxd4 Qd5 18. Nf3 e6 19. Qd3 Rac8 20. Rec1 a6 21.
Rc4 Nd6 22. Rc3 Rxc3 23. bxc3 Qxb3 24. Rb1 Qd5 25. Bf4 Nc4 26. Ra1 e5 27. Nd2
Nxd2 28. Bxd2 exd4 29. c4 Qc6 30. Bb4 Re8 31. c5 h5 32. Rb1 Rd8 33. Ba3 Rd7 34.
Rb6 Qd5 35. h4 Qf5 36. Qxf5 gxf5 37. Bc1 d3 38. Bd2 Bd4 39. c6 Bxb6 40. cxd7 f6
41. Be3 Bd8 42. Kf1 Kf7 43. Ke1 Ke6 44. Kd2 Kxd7 45. Kxd3 b5 46. f3 Ke6 47. Bd2
a5 48. Kc3 Bb6 49. Kb3 Kd5 50. Bc3 Bd8 51. Bd2 b4 52. Ka4 Kc4 53. Bc1 b3 54.
Bb2 f4 55. Ka3 f5 56. Ka4 Bxh4 57. Kxa5 Be1+ 58. Ka4 Bc3 0-1

[Event "3. ACP World Rapid Chess Cup"]
[Site "Odessa UKR"]
[Date "2009.05.23"]
[Round "2.1"]
[White "Gelfand, Boris"]
[Black "Gashimov, Vugar"]
[Result "1-0"]
[WhiteElo "2733"]
[BlackElo "2730"]
[PlyCount "79"]
[EventDate "2009.05.22"]
[EventType "k.o. (rapid)"]
[EventRounds "4"]
[EventCountry "UKR"]
[EventCategory "18"]
[Source "lmi"]
[SourceDate "2009.05.22"]

1. e4 c5 2. Nf3 d6 3. c3 Nf6 4. Be2 Nbd7 5. d3 b6 6. O-O Bb7 7. Nbd2 e6 8. Re1
Be7 9. Bf1 Ne5 10. d4 Nxf3+ 11. Qxf3 O-O 12. Bd3 e5 13. Qe2 cxd4 14. cxd4 exd4
15. Nb3 Re8 16. Nxd4 Bf8 17. Bg5 h6 18. Bxf6 Qxf6 19. Nb5 Re7 20. Rac1 g6 21.
Qd2 Bg7 22. b3 Rd8 23. Nxa7 d5 24. e5 Rxe5 25. Rxe5 Qxe5 26. Nc6 Bxc6 27. Rxc6
Qd4 28. a4 Re8 29. g3 h5 30. Kg2 h4 31. Qc2 Re7 32. Rc8+ Kh7 33. Qd1 h3+ 34.
Kxh3 Qxf2 35. Qh5+ Bh6 36. Rc6 Re4 37. Bxe4 dxe4 38. Qd5 Qf1+ 39. Kh4 Qf6+ 40.
Rxf6 1-0

[Event "3. ACP World Rapid Chess Cup"]
[Site "Odessa UKR"]
[Date "2009.05.23"]
[Round "2.2"]
[White "Gashimov, Vugar"]
[Black "Gelfand, Boris"]
[Result "0-1"]
[WhiteElo "2730"]
[BlackElo "2733"]
[PlyCount "66"]
[EventDate "2009.05.22"]
[EventType "k.o. (rapid)"]
[EventRounds "4"]
[EventCountry "UKR"]
[EventCategory "18"]
[Source "lmi"]
[SourceDate "2009.05.22"]

1. e4 e5 2. Nf3 Nf6 3. d4 Nxe4 4. dxe5 d5 5. Nbd2 Nxd2 6. Bxd2 Nd7 7. Qe2 Nc5
8. O-O-O Be7 9. Nd4 O-O 10. g4 Ne4 11. Bg2 Nxd2 12. Qxd2 Bxg4 13. Rdg1 Kh8 14.
Bf1 Bh5 15. h4 c5 16. Nf5 g6 17. Ng3 Bf3 18. Bg2 Bxg2 19. Rxg2 d4 20. h5 g5 21.
Nf5 Qd5 22. Rhg1 Qxe5 23. Nh6 Qe6 24. Re1 Qxa2 25. Kd1 Rae8 26. Re4 f5 27. Re2
Qb1+ 28. Qc1 Qxc1+ 29. Kxc1 Rf6 30. Rg1 Rxh6 31. Rge1 Rxh5 32. Rxe7 Rxe7 33.
Rxe7 Rh2 0-1

[Event "3. ACP World Rapid Chess Cup"]
[Site "Odessa UKR"]
[Date "2009.05.23"]
[Round "3.1"]
[White "Grischuk, Alexander"]
[Black "Svidler, Peter"]
[Result "0-1"]
[WhiteElo "2748"]
[BlackElo "2726"]
[PlyCount "68"]
[EventDate "2009.05.22"]
[EventType "k.o. (rapid)"]
[EventRounds "4"]
[EventCountry "UKR"]
[EventCategory "18"]
[Source "lmi"]
[SourceDate "2009.05.22"]

1. e4 Nf6 2. e5 Nd5 3. d4 d6 4. c4 Nb6 5. f4 dxe5 6. fxe5 Nc6 7. Be3 Bf5 8. Nc3
e6 9. Nf3 Be7 10. d5 exd5 11. cxd5 Nb4 12. Nd4 Bd7 13. e6 fxe6 14. dxe6 Bc6 15.
Qg4 Bh4+ 16. g3 O-O 17. O-O-O Bxh1 18. gxh4 Qf6 19. Bb5 c6 20. Bg5 Qe5 21. e7
Rfe8 22. Rxh1 cxb5 23. Nf3 Nd3+ 24. Kc2 Qd6 25. Rd1 Nf2 26. Rxd6 Nxg4 27. Rd4
Nf6 28. h5 Rxe7 29. h6 Rd7 30. Bxf6 gxf6 31. Rg4+ Kf7 32. Nxb5 Rc8+ 33. Nc3 Rg8
34. Rf4 Nd5 0-1

[Event "3. ACP World Rapid Chess Cup"]
[Site "Odessa UKR"]
[Date "2009.05.23"]
[Round "3.2"]
[White "Svidler, Peter"]
[Black "Grischuk, Alexander"]
[Result "1/2-1/2"]
[WhiteElo "2726"]
[BlackElo "2748"]
[PlyCount "114"]
[EventDate "2009.05.22"]
[EventType "k.o. (rapid)"]
[EventRounds "4"]
[EventCountry "UKR"]
[EventCategory "18"]
[Source "lmi"]
[SourceDate "2009.05.22"]

1. e4 c5 2. Nf3 d6 3. d4 cxd4 4. Nxd4 Nf6 5. Nc3 a6 6. Be2 e6 7. O-O Be7 8. a4
Nc6 9. Be3 O-O 10. f4 Bd7 11. Nb3 Na5 12. e5 Ne8 13. Nxa5 Qxa5 14. Qd2 Qc7 15.
Bd4 Bc6 16. Qe3 Rc8 17. Bd3 g6 18. f5 dxe5 19. Bxe5 Bd6 20. Bxd6 Qxd6 21. fxe6
Qxe6 22. Qxe6 fxe6 23. Rfe1 Ng7 24. Ne4 Rcd8 25. Ng5 Rf6 26. b3 h6 27. Ne4 Rf4
28. Nc5 Rg4 29. g3 Kf7 30. Re5 Rd5 31. Rxd5 Bxd5 32. Kf2 a5 33. Nd7 Rb4 34.
Ne5+ Kf6 35. Nxg6 e5 36. Rf1 e4 37. Nf4 Bg8 38. Be2 Nf5 39. Bg4 Rb6 40. Bxf5
Kxf5 41. Ke3 Ke5 42. Ne2 Rc6 43. Rf8 Bh7 44. Re8+ Kf6 45. c4 Bg6 46. Rd8 Ke7
47. Rd5 b6 48. Nd4 Rf6 49. c5 bxc5 50. Rxc5 Rf1 51. Rxa5 Rd1 52. Nf5+ Kf6 53.
g4 h5 54. Ra6+ Kf7 55. Nh6+ Kg7 56. Nf5+ Kf7 57. Nh6+ Kg7 1/2-1/2

[Event "3. ACP World Rapid Chess Cup"]
[Site "Odessa UKR"]
[Date "2009.05.24"]
[Round "4.3"]
[White "Gelfand, Boris"]
[Black "Svidler, Peter"]
[Result "1-0"]
[WhiteElo "2733"]
[BlackElo "2726"]
[PlyCount "107"]
[EventDate "2009.05.22"]
[EventType "k.o. (rapid)"]
[EventRounds "4"]
[EventCountry "UKR"]
[EventCategory "18"]
[Source "lmi"]
[SourceDate "2009.05.22"]

1. Nf3 Nf6 2. c4 c5 3. d4 cxd4 4. Nxd4 e6 5. g3 a6 6. Bg2 Qc7 7. Nc3 Qxc4 8.
O-O Nc6 9. Nb3 d5 10. Bf4 Bb4 11. Rc1 Bxc3 12. Bd6 Ne4 13. Nd2 Qd4 14. Nxe4
Qxd1 15. Rfxd1 Bxb2 16. Rc2 Bd4 17. Nc5 f5 18. e4 fxe4 19. Nxe4 Bd7 20. Bc5 Be5
21. f4 dxe4 22. fxe5 Nxe5 23. Rd6 Nd3 24. Ba3 Rc8 25. Rxc8+ Bxc8 26. Bxe4 Ne5
27. Rd1 b5 28. Bb2 Ng6 29. Bxg7 Rg8 30. Bb2 Nf8 31. Kf2 Rg5 32. Rc1 Bd7 33. Bf6
Rh5 34. h4 b4 35. Bg5 h6 36. Bf3 Rxg5 37. hxg5 hxg5 38. Rc5 Ke7 39. Be2 Kd6 40.
Rxg5 Bc6 41. Ra5 Nd7 42. Bxa6 Nc5 43. g4 Bd5 44. Be2 b3 45. axb3 Nxb3 46. Ra7
Nd4 47. Bd3 e5 48. Ke3 Ne6 49. Bf5 Nd4 50. Be4 Be6 51. g5 Nf5+ 52. Kf3 Nd4+ 53.
Kg3 Nf5+ 54. Kf2 1-0

[Event "3. ACP World Rapid Chess Cup"]
[Site "Odessa UKR"]
[Date "2009.05.24"]
[Round "4.4"]
[White "Svidler, Peter"]
[Black "Gelfand, Boris"]
[Result "0-1"]
[WhiteElo "2726"]
[BlackElo "2733"]
[PlyCount "112"]
[EventDate "2009.05.22"]
[EventType "k.o. (rapid)"]
[EventRounds "4"]
[EventCountry "UKR"]
[EventCategory "18"]
[Source "lmi"]
[SourceDate "2009.05.22"]

1. c4 e5 2. Nc3 Nf6 3. Nf3 Nc6 4. e3 Bb4 5. Qc2 Bxc3 6. Qxc3 Qe7 7. a3 d5 8.
cxd5 Nxd5 9. Qb3 Nb6 10. d3 O-O 11. Be2 a5 12. Bd2 a4 13. Qc2 Be6 14. Rc1 Bb3
15. Qc5 Qd6 16. O-O Nd7 17. Qxd6 cxd6 18. Bc3 Nc5 19. d4 exd4 20. Nxd4 Nxd4 21.
Bxd4 Ne6 22. Bc3 d5 23. f3 Rfd8 24. Rf2 d4 25. exd4 Nxd4 26. Bf1 Rac8 27. Rd2
f6 28. Kf2 Kf7 29. Re1 Nc6 30. Rxd8 Rxd8 31. Re4 Ne5 32. Bb5 Bc2 33. Rh4 h6 34.
Ke3 Ra8 35. Rd4 Bb3 36. f4 Ng4+ 37. Kf3 h5 38. h3 Nh6 39. Rd7+ Kg8 40. Kf2 b6
41. Rb7 Rd8 42. Rxb6 Nf5 43. Ra6 Nd6 44. Bxa4 Ne4+ 45. Ke3 Bc4 46. Rc6 Bd5 47.
Ba5 Ra8 48. b4 Ng3 49. Rc2 h4 50. Bb5 Kh7 51. Bd3+ Kh6 52. Kf2 Re8 53. b5 Nh1+
54. Kg1 Re3 55. Bc4 Rxa3 56. Bxd5 Ra1+ 0-1